000 00413nam a2200169Ia 4500
008 220216s9999 xx 000 0 und d
100 _aSaj Mathews
245 0 _aImproved economic outlook boost NR market
260 _bRubber Asia
_c2017
300 _a74-76
500 _aSource Year: 2017
650 _aNR exports
650 _aNR imports
650 _aNR market
650 _aNR production
942 _cJS
999 _c60833
_d60833